Media practice and everyday agency in Europe / (Record no. 290613)
[ view plain ]
| 000 -LEADER | |
|---|---|
| fixed length control field | 00453nam a2200121Ia 4500 |
| 008 - FIXED-LENGTH DATA ELEMENTS--GENERAL INFORMATION | |
| fixed length control field | 160216s9999 xx 000 0 und d |
| 100 ## - MAIN ENTRY--PERSONAL NAME | |
| Personal name | Kramp, Leif |
| 245 ## - TITLE STATEMENT | |
| Title | Media practice and everyday agency in Europe / |
| 245 ## - TITLE STATEMENT | |
| Statement of responsibility, etc | Leif Kramp, N. Carpentier, A. Hepp, I.T. Trivundža, H. Nieminen, R. Kunelius, R. (Eds.) Kilborn. |
| 260 ## - PUBLICATION, DISTRIBUTION, ETC. (IMPRINT) | |
| Date of publication, distribution, etc | 2014 |
| 650 ## - SUBJECT ADDED ENTRY--TOPICAL TERM | |
| General subdivision | Media - Europe. |
| 856 ## - ELECTRONIC LOCATION AND ACCESS | |
| Uniform Resource Identifier | <a href="http://media.wix.com/ugd/f47560_86265b1a6f5f4184be988202f9cfc7ce.pdf">http://media.wix.com/ugd/f47560_86265b1a6f5f4184be988202f9cfc7ce.pdf</a> |
| Withdrawn status | Lost status | Damaged status | Home library | Current library | Date acquired | Total Checkouts | Date last seen | Price effective from | Koha item type |
|---|---|---|---|---|---|---|---|---|---|
| College Library | College Library | 02/16/2016 | 02/16/2016 | 02/16/2016 | Curriculum - Based eBooks |